Plastics. Thermogravimetry (TG) of polymers. General principles. ISO 11358
Gespeichert in:
| Format: | Buch |
|---|---|
| Sprache: | Englisch |
| Veröffentlicht: |
Geneva :
ISO,
1997
|
| Ausgabe: | 1st ed. 1997-04-15 |
| Tags: |
Keine Tags, Fügen Sie das erste Tag hinzu!
|
MARC
| LEADER | 00000nam a22000003a 4500 | ||
|---|---|---|---|
| 001 | stu262047 | ||
| 005 | 20150408174803.3 | ||
| 008 | 130201s1997----sz------------------eng-d | ||
| 040 | |a STU |b slo | ||
| 041 | 0 | |a eng | |
| 044 | |a sz | ||
| 245 | |a Plastics. Thermogravimetry (TG) of polymers. General principles. ISO 11358 | ||
| 250 | |a 1st ed. 1997-04-15 | ||
| 260 | |a Geneva : |b ISO, |c 1997 | ||
| 300 | |a 10 s | ||
| 996 | |b 284M084747 |c M*N-1580-1 |l MMKN |s A |a 24 |w stu262047_0001 | ||